O alienista (Registo nº 1449)

Detalhes MARC
000 -Etiqueta do registo
Cabeçalho 00840nam0a2200277 4500
005 - Identificador da versão
Campo de controlo 20240813121836.0
010 ## - Número internacional normalizado dos livros (ISBN)
Número (ISBN) 9789720726940
021 ## - Número do Depósito Legal
Código do país PT
Número 372641/14
100 ## - Dados gerais de processamento
Dados gerais de processamento 20150313d2014 e y0pory5003 ba
102 ## - Pais de publicação ou produção
País de publicação Portugal
101 0# - Língua de publicação
Língua do texto, banda sonora, etc. Português
215 ## - Descrição física 
Indicação específica da natureza do documento e extensão da espécie 108, [3] p.
Outras indicações físicas il
200 1# - Titulo e menção de responsabilidade
Título próprio O alienista
Primeira menção de responsabilidade Machado de Assis
Outras menções de responsabilidade il. Daniel Silvestre da Silva
225 2# - Colecção 
Título próprio da colecção Educação literária
210 ## - Publicação, Distribuição, etc. 
Lugar da edição, distribuição, etc. Porto
Nome do editor, distribuidor, etc. Porto Ed.
Data da publicação, distribuição, etc. 2014
300 ## - Notas gerais 
Texto da nota Metas Curriculares
Texto da nota Plano Nacional de Leitura
606 ## - Nome comum usado como assunto
Número de registo de entrada de autoridade 0002117
Palavra de ordem Literatura brasileira
Subdivisão de assunto Conto
Código do sistema CA
675 ## - Classificação Decimal Universal (CDU)
Notação 821.134.3(81)-34
Edição 3ª ed.
Língua da edição por
702 #1 - Nome de autor-pessoa física (responsabilidade secundária)
Número de registo de entrada de autoridade 0002116
Palavra de ordem Silva
Outra parte do nome não tomada para palavra de ordem Daniel Silvestre da
Datas 1979-
Código de função Ilustrador / Técnico de desenho computorizado
700 #1 - Nome de autor-pessoa física (responsabilidade principal)
Número de registo de entrada de autoridade 0002115
Palavra de ordem Assis
Outra parte do nome não tomada para palavra de ordem Machado de
Datas 1839-1908
966 ## - Identificação da Biblioteca
Sigla EB2,3ENM
942 ## - Elementos de entrada adicionados (Koha)
Tipo de item no Koha Livro
Exemplares
Situação do levantamento Origin of item (home branch) (coded) Biblioteca de empréstimo Código de barras Cota Circulation type (not for loan) Tipo de documento Nota do exemplar Damaged status
  Biblioteca Escolar Eng. Nuno Mergulhão Biblioteca Escolar Eng. Nuno Mergulhão BENM3521 82LE-34 ASS MET PNL   Livro Sem mensagem  
  Biblioteca Escolar Eng. Nuno Mergulhão Biblioteca Escolar Eng. Nuno Mergulhão BENM3648 82LE-34 ASS MET PNL   Livro Sem mensagem  
  Biblioteca Escolar Eng. Nuno Mergulhão Biblioteca Escolar Eng. Nuno Mergulhão BENM3649 82LE-34 ASS MET PNL   Livro Sem mensagem  
  Biblioteca Escolar Eng. Nuno Mergulhão Biblioteca Escolar Eng. Nuno Mergulhão BENM3650 82LE-34 ASS MET PNL   Livro Sem mensagem  
  Biblioteca Escolar Eng. Nuno Mergulhão Biblioteca Escolar Eng. Nuno Mergulhão BENM3647 82LE-34 ASS MET PNL   Livro Sem mensagem